Fuego contra fuego

Neil McCauley (Robert De Niro) es un experto ladrón. Su filosofía consiste en vivir sin ataduras ni vínculos que puedan constituir un obstáculo si las cosas se complican. Su banda la forman criminales profesionales tan cualificados que pueden incluso impresionar al detective Vincent Hanna (Al Pacino...

Descripción completa

Guardado en:
Autor Principal: Mann, Michael.
Autor Corporativo: Warner Bros.
Otros Autores: Pacino, Al; Reparto., De Niro, Robert; Reparto.
Formato: Deslizar
Idioma:Undetermined
Publicado: Estados Unidos : Warner Bros. Pictures, 1995.
Materias:
Etiquetas: Agregar Etiqueta
Sin Etiquetas, Sea el primero en etiquetar este registro!
LEADER 01454ngm a22002295a 4500
001 CEM.cems020616
008 231108s1995####xx#---############vlund#d
005 20231108194904.0
245 1 0 |a Fuego contra fuego  |h [videograbación] /  |c Michael Mann. 
260 |a Estados Unidos :  |b Warner Bros. Pictures,  |c 1995. 
300 |a 170'. 
520 |a Neil McCauley (Robert De Niro) es un experto ladrón. Su filosofía consiste en vivir sin ataduras ni vínculos que puedan constituir un obstáculo si las cosas se complican. Su banda la forman criminales profesionales tan cualificados que pueden incluso impresionar al detective Vincent Hanna (Al Pacino), un hombre que vive tan obsesionado con su trabajo que llega a poner en peligro su vida sentimental. Cuando la banda de McCauley prepara el golpe definitivo, y el equipo de Hanna se dispone a evitarlo, cada uno de ellos comprende que tiene que vérselas con la mente más brillante a la que se ha enfrentado en su carrera. 
590 |a Identificación anterior: 268 
538 |a Soporte: DVD -- Formato: DVD – Peso: 0,99gb -- Resolución: 720 x 480 -- 29.97fps 
500 |a Título original: Heat – Idioma: Inglés – Subtítulos: Español. 
100 1 |a Mann, Michael. 
700 1 |a Pacino, Al; Reparto. 
700 1 |a De Niro, Robert; Reparto. 
710 2 |a Warner Bros. 
653 |a LARGOMETRAJE 
653 |a FICCIÓN 
859 |a CEMS  |b BIB. CEMS - Depto. Recursos Didacticos  |h 778.5  |i MAN-2  |k DRD  |p 3210.23  |t Ej.1